000
00280nam a2200121Ia 4500
008
190216s9999||||xx |||||||||||||| ||und||
100
_a
M L Rahi
245
0
_a
Hindi-Shishir Ki Doop
260
_b
Sree Nagosha Publications
_c
2009
300
_a
184
650
_a
Hindi
942
_c
BK
999
_c
16664
_d
16664